000 00817nam a2200241 a 4500
003 OSt
005 20131017151836.0
008 131017s2004 ag ||||| |||| 00| 0 spa d
040 _cBiblioteca Medicina
041 _aspa
082 _bCONGRESOS 030
100 1 _aDigilio, Patricia
_92719
245 0 4 _aLos Comites de Bioetica en Argentina y las implicancias de sus funciones para las Politicas de Salud
250 _a1ยบ ed
260 _aBuenos Aires
_bCentro de Estudios de Estado y Sociedad
_c2004
300 _a47 p.
440 0 _aSeminarios Salud y Politica Publica
_92706
653 _aBIOETICA-COMITES
653 _aPOLITICAS DE SALUD Y BIOETICA
856 _awww.cedes.org
942 _2ddc
_cPH
999 _c1809
_d1809
952 _40
_00
_bBFM
_10
_oCONGRESOS 030
_d2013-10-17
_tEj. 1
_8NFIC
_70
_cCR
_2ddc
_yPH
_aBFM